00849nam a22002417a 450000500170000001000150001702000260003202000230005803500130008103700130009408200100010710000270011724501250014425000120026926000350028127000610031630000250037770000290040270000100043194200240044199900170046595201250048220100821105358.0 aENG-101223 c100.00a9788184193854 c100.00a8184193858 aEN-84756 bDBAD/PUB a336.2 aLakhotia, R. N.916964 aA guide to tax planning lower your texes questions & answers on tex planning /bby R. N. Lakhotia [and] Subhash Lakhotia a2nd ed. aNew DelhibDiamond Booksc2010 aX-30, Okhla Industrial Area, Phase-IIbNew Delhie110020 a180 p. c22cm (Pbk)  915693aLakhotia, Subhash 915729 2ddccENmLAKh336.2 c42864d42864 001040718NFICaDBADbDBADd2010-08-21g100.00l0o336.2 LAKpEN-84756r2010-08-21 00:00:00t1v100.00w2010-08-21yEN